[Event "Reykjavik Open 2010"]
[Site "Reykjavik City Hall"]
[Date "2010.03.01"]
[Round "7.6"]
[White "Nyzhnyk, Illya"]
[Black "Harika, Dronavalli"]
[Result "1-0"]
[WhiteElo "2495"]
[BlackElo "2471"]
[PlyCount "91"]
[EventDate "2010.02.24"]

1. e4 e5 2. Nf3 Nc6 3. Bb5 Nf6 4. d3 Bc5 5. c3 O-O 6. O-O d5 7. Qc2 Re8 8. Bg5
dxe4 9. dxe4 h6 10. Bh4 Qe7 11. Nbd2 Bd7 12. Rfe1 a6 13. Bxc6 Bxc6 14. Nc4 Bd6
15. Na5 g5 16. Nxc6 bxc6 17. Bg3 a5 18. Qa4 Ra6 19. Rad1 Nd7 20. Qc4 Rb6 21. b3
Nc5 22. h4 a4 23. b4 Nd7 24. hxg5 hxg5 25. Nd2 Qe6 26. Qd3 c5 27. Nc4 Rb7 28.
Nxd6 cxd6 29. Qxd6 Qxd6 30. Rxd6 cxb4 31. cxb4 Rc8 32. Red1 Rcc7 33. a3 f6 34.
f3 Kf7 35. Bf2 Nb8 36. Bc5 Nd7 37. Be3 Nf8 38. R1d3 Rd7 39. Rxd7+ Rxd7 40.
Rxd7+ Nxd7 41. Kf2 Ke6 42. Ke2 f5 43. Bxg5 f4 44. Kd3 Nb6 45. Bd8 Nc8 46. Bc7
1-0

[Event "Reykjavik Open 2010"]
[Site "Reykjavik City Hall"]
[Date "2010.03.01"]
[Round "7.7"]
[White "Boskovic, Drasko"]
[Black "Lenderman, Alex"]
[Result "0-1"]
[WhiteElo "2454"]
[BlackElo "2560"]
[PlyCount "58"]
[EventDate "2010.02.24"]

1. d4 d5 2. Bf4 Nf6 3. e3 c5 4. c3 Nc6 5. Nd2 Bf5 6. Qb3 Qc8 7. Ngf3 c4 8. Qd1
Nh5 9. Be5 f6 10. Nh4 Bg4 11. Be2 Bxe2 12. Qxe2 g6 13. Bg3 f5 14. Be5 Nxe5 15.
dxe5 e6 16. g4 fxg4 17. Qxg4 Ng7 18. e4 Qc7 19. O-O-O d4 20. Nxc4 Qxc4 21. Rxd4
Qc7 22. f4 Bc5 23. Rd3 O-O 24. Rg3 Bf2 25. Nxg6 hxg6 26. Rf3 Qc5 27. Kb1 Rad8
28. Qxg6 Rd2 29. f5 Qb5 0-1

[Event "Reykjavik Open 2010"]
[Site "Reykjavik City Hall"]
[Date "2010.03.01"]
[Round "7.10"]
[White "Maze, Sebastien"]
[Black "Gunnarsson, Jon Viktor"]
[Result "1-0"]
[WhiteElo "2554"]
[BlackElo "2429"]
[PlyCount "125"]
[EventDate "2010.02.24"]

1. d4 Nf6 2. Nf3 g6 3. g3 Bg7 4. Bg2 d5 5. O-O O-O 6. c4 c6 7. Qb3 Qb6 8. Nc3
Qxb3 9. axb3 Bf5 10. Bf4 Nbd7 11. h3 h6 12. g4 Be6 13. Nd2 Nb6 14. c5 Nbd7 15.
b4 a6 16. e3 Nh7 17. Nb3 g5 18. Bg3 h5 19. f3 f5 20. gxf5 Rxf5 21. Na5 Ra7 22.
Na4 Rf8 23. Nb6 Bf5 24. Rad1 Nxb6 25. cxb6 Raa8 26. Nxb7 Rab8 27. Bxb8 Rxb8 28.
Na5 Rxb6 29. b5 axb5 30. Rc1 Bd7 31. Nb3 e5 32. Ra1 exd4 33. exd4 Nf8 34. f4
gxf4 35. Rxf4 Ne6 36. Ra8+ Kh7 37. Rf7 Rb7 38. Nc5 Nxc5 39. dxc5 Kg6 40. Re7
Bf6 41. Rg8+ Kf5 42. Rh7 Bxb2 43. Rd8 Bd4+ 44. Kf1 Ra7 45. Rdxd7 Ra1+ 46. Ke2
Ra2+ 47. Kd3 Bxc5 48. Rxh5+ Kf4 49. Rf7+ Kg3 50. Rg5+ Kh2 51. Bf3 b4 52. Bd1
Ra3+ 53. Kc2 Bd4 54. Rf3 Ra2+ 55. Kd3 Bc3 56. Bc2 Ra3 57. Rf2+ Kh1 58. Ke2 Bd4
59. Rf4 Bc5 60. Rf3 Ra2 61. Kd2 Bd4 62. h4 Bc3+ 63. Kd3 1-0

[Event "Reykjavik Open 2010"]
[Site "Reykjavik City Hall"]
[Date "2010.03.01"]
[Round "7.13"]
[White "Thorfinnsson, Bragi"]
[Black "Galego, Luis"]
[Result "1/2-1/2"]
[WhiteElo "2398"]
[BlackElo "2487"]
[PlyCount "139"]
[EventDate "2010.02.24"]

1. d4 Nf6 2. c4 d6 3. Nf3 Bg4 4. Nc3 Bxf3 5. exf3 e6 6. Qb3 Qc8 7. Be3 Be7 8.
Be2 O-O 9. O-O Nbd7 10. Rac1 c6 11. Rfd1 d5 12. f4 dxc4 13. Bxc4 Nb6 14. Be2
Nbd5 15. Bf3 Qd7 16. Na4 b6 17. g3 Rac8 18. a3 Rfd8 19. Nc3 g6 20. Nb1 Qe8 21.
Kg2 c5 22. dxc5 Nxe3+ 23. Qxe3 Bxc5 24. Qe5 Be7 25. Nc3 Rc5 26. Qe2 Rdc8 27.
Qa6 R8c7 28. Ne2 Rxc1 29. Rxc1 Rxc1 30. Nxc1 Qd7 31. Nd3 Bc5 32. b4 Bd4 33. Qc4
Qd6 34. a4 a5 35. bxa5 bxa5 36. h4 Kg7 37. Qb5 Bb6 38. Qc4 h5 39. Qc3 Qd8 40.
Kf1 Bd4 41. Qb3 Qd6 42. Kg2 Qc7 43. Ba8 Nd7 44. Bf3 Nb6 45. Ne5 Bxe5 46. fxe5
Nd7 47. Qb7 Qxb7 48. Bxb7 Nxe5 49. f4 Nd3 50. Kf3 Nc5 51. Bc6 Kf6 52. Ke3 e5
53. fxe5+ Kxe5 54. Be8 Ke6 55. Kd4 Nb7 56. Bc6 Nd8 57. Bg2 Kd6 58. Kc4 Nc6 59.
Kb5 Nd4+ 60. Kxa5 Kc7 61. Bd5 f6 62. Bf7 Nf5 63. Bxg6 Nxg3 64. Kb4 f5 65. Kc4
f4 66. Kd4 Kb6 67. Be4 f3 68. Bxf3 Nf5+ 69. Ke4 Nxh4 70. Bxh5 1/2-1/2

[Event "Reykjavik Open 2010"]
[Site "Reykjavik City Hall"]
[Date "2010.03.01"]
[Round "7.14"]
[White "Ivanov, Mikhail M"]
[Black "Thorsteinsson, Thorsteinn"]
[Result "1-0"]
[WhiteElo "2465"]
[BlackElo "2278"]
[PlyCount "173"]
[EventDate "2010.02.24"]

1. d4 d5 2. c4 c6 3. Nc3 Nf6 4. e3 a6 5. Nf3 b5 6. c5 g6 7. Qb3 Ra7 8. a4 Rb7
9. axb5 axb5 10. Ne5 Bg7 11. f4 O-O 12. Bd3 Be6 13. O-O Nfd7 14. Ne2 Kh8 15.
Bd2 f6 16. Nf3 Bg4 17. h3 Bxf3 18. gxf3 f5 19. Ra8 e6 20. Kh2 Qe7 21. Rfa1 Nf6
22. Qd1 Nh5 23. Qf1 Bf6 24. Qg2 Rg8 25. Kh1 h6 26. Qh2 Kh7 27. Bc2 Qg7 28. h4
Bd8 29. Nc1 Bc7 30. Nd3 Nd7 31. R8a7 Rxa7 32. Rxa7 Rc8 33. Nb4 Nb8 34. Be1 Kh8
35. Kg2 Qf7 36. Kf1 Rg8 37. Qh3 Rg7 38. Bf2 Qe8 39. Ke1 Qc8 40. Kd1 Qd8 41. Ra8
Qc8 42. Qh1 Qb7 43. Ra3 Bd8 44. Ke2 Bf6 45. Qa1 Kh7 46. Bd3 Rc7 47. Kd2 Ng7 48.
Kc2 Bd8 49. Be1 Bf6 50. Ra2 Bd8 51. b3 Bf6 52. Qc1 Qc8 53. Qa3 Qd8 54. Qa5 Ne8
55. Qa8 Qc8 56. Be2 h5 57. Nd3 Nd7 58. Qxc8 Rxc8 59. Ra7 Nc7 60. Ba5 Bd8 61.
Nb4 Nb8 62. Bb6 Kg8 63. Rb7 Nca6 64. Nxa6 Nxa6 65. Bxd8 Rxd8 66. Re7 Nb8 67.
Kc3 Kf8 68. Ra7 Nd7 69. Kb4 Ke8 70. Rc7 Nb8 71. Rg7 Kf8 72. Rxg6 Kf7 73. Rg5
Nd7 74. Rxh5 Nf6 75. Rg5 Rh8 76. Ka5 Rxh4 77. Rg2 Rh1 78. Kb6 Rb1 79. Kxc6 b4
80. Bb5 Rxb3 81. Kb7 Rc3 82. Rb2 b3 83. Ba4 Rxe3 84. Rxb3 Rxb3+ 85. Bxb3 Ke7
86. Ba4 Kd8 87. Bb5 1-0

[Event "Reykjavik Open 2010"]
[Site "Reykjavik City Hall"]
[Date "2010.03.01"]
[Round "7.17"]
[White "Hillarp Persson, Tiger"]
[Black "Sareen, Vishal"]
[Result "1-0"]
[WhiteElo "2581"]
[BlackElo "2364"]
[PlyCount "93"]
[EventDate "2010.02.24"]

1. c4 e5 2. g3 c6 3. d4 Bb4+ 4. Bd2 Bxd2+ 5. Qxd2 d6 6. Nc3 Nf6 7. Bg2 Be6 8.
b3 exd4 9. Qxd4 O-O 10. Rd1 Qa5 11. Qd2 Na6 12. Nh3 Rad8 13. Nf4 Bc8 14. O-O
Qb6 15. Na4 Qc7 16. Qb2 Qe7 17. Rd2 Ne4 18. Bxe4 Qxe4 19. Rfd1 Qe7 20. h4 Nc7
21. Qd4 b5 22. Nc3 bxc4 23. Qxc4 Bb7 24. Qb4 Na6 25. Qa3 Qe5 26. Rd3 d5 27. Qa5
Rde8 28. Na4 Qd6 29. Qd2 Re7 30. Rc1 Rfe8 31. Qc3 h6 32. e3 Qd8 33. Nc5 Qb6 34.
Nxb7 Qxb7 35. Rd4 Nb8 36. b4 a6 37. a3 Qb5 38. Rd2 Nd7 39. Nd3 Nb8 40. Nc5 a5
41. bxa5 Ra7 42. Nb3 Nd7 43. Nd4 Qxa5 44. Nxc6 Qxc3 45. Rxc3 Ra4 46. Rxd5 Nf6
47. Rd4 1-0

[Event "Reykjavik Open 2010"]
[Site "Reykjavik City Hall"]
[Date "2010.03.01"]
[Round "7.18"]
[White "Cori, Jorge"]
[Black "Olsen, Heini"]
[Result "1-0"]
[WhiteElo "2483"]
[BlackElo "2355"]
[PlyCount "117"]
[EventDate "2010.02.24"]

1. e4 e5 2. Nf3 Nc6 3. Bc4 Nf6 4. d3 Be7 5. O-O O-O 6. Nbd2 d6 7. a4 Kh8 8. c3
Ng4 9. h3 Nh6 10. d4 f5 11. dxe5 dxe5 12. Bd5 Bd6 13. exf5 Bxf5 14. Ne4 Nf7 15.
Re1 Qd7 16. Ng3 Be6 17. Be3 a5 18. Bxe6 Qxe6 19. Ne4 Rad8 20. Qe2 Be7 21. Red1
Rxd1+ 22. Rxd1 Rd8 23. Rxd8+ Ncxd8 24. Qb5 Qc6 25. Nxe5 Qxb5 26. Nxf7+ Nxf7 27.
axb5 Ne5 28. b3 c6 29. Bb6 cxb5 30. Bxa5 Nc6 31. Bb6 b4 32. c4 Bd8 33. Bc5 b6
34. Be3 Na5 35. Nd2 Kg8 36. f4 Kf7 37. Kf2 Ke6 38. g4 g6 39. Kf3 Nb7 40. Ke4
Nd6+ 41. Kd3 h5 42. Nf3 hxg4 43. hxg4 Nb7 44. Nd4+ Kd6 45. Nb5+ Kc6 46. Nd4+
Kd6 47. Bd2 Nc5+ 48. Ke3 Na6 49. Nc2 Kc5 50. Ke4 Bf6 51. Be3+ Kc6 52. Nd4+ Kd6
53. Nb5+ Kc6 54. f5 g5 55. Nd4+ Kd6 56. Ne6 Kc6 57. Bd4 Bxd4 58. Kxd4 Kd6 59.
Nxg5 1-0

[Event "Reykjavik Open 2010"]
[Site "Reykjavik City Hall"]
[Date "2010.03.01"]
[Round "7.19"]
[White "Thorhallsson, Throstur"]
[Black "Thompson, Ian D"]
[Result "1-0"]
[WhiteElo "2426"]
[BlackElo "2266"]
[PlyCount "53"]
[EventDate "2010.02.24"]

1. d4 d5 2. c4 e6 3. Nc3 Nf6 4. Nf3 c6 5. Bg5 h6 6. Bh4 dxc4 7. e4 g5 8. Bg3 b5
9. e5 Nd5 10. Nd2 Bb7 11. Nde4 Nd7 12. h4 Nxc3 13. Nxc3 Qa5 14. Be2 Bb4 15.
hxg5 Bxc3+ 16. bxc3 Qxc3+ 17. Kf1 c5 18. dxc5 Nxc5 19. Rxh6 Rxh6 20. gxh6 Be4
21. Rc1 Qb2 22. Bh4 Qxe5 23. Kg1 f6 24. Bh5+ Ke7 25. Qg4 Kd7 26. Qg7+ Kc6 27.
Bg3 1-0

[Event "Reykjavik Open 2010"]
[Site "Reykjavik City Hall"]
[Date "2010.03.01"]
[Round "7.20"]
[White "Westerinen, Heikki M J"]
[Black "Gislason, Gudmundur"]
[Result "1/2-1/2"]
[WhiteElo "2333"]
[BlackElo "2382"]
[PlyCount "31"]
[EventDate "2010.02.24"]

1. e4 c5 2. Nf3 d6 3. d4 cxd4 4. Nxd4 Nf6 5. f3 e5 6. Bb5+ Nbd7 7. Nf5 a6 8.
Ba4 d5 9. exd5 b5 10. Bb3 Nb6 11. Qd3 Nbxd5 12. Nc3 Be6 13. Nxd5 Nxd5 14. Qe4
Qd7 15. Ne3 O-O-O 16. Nxd5 1/2-1/2

[Event "Reykjavik Open 2010"]
[Site "Reykjavik City Hall"]
[Date "2010.03.01"]
[Round "7.21"]
[White "Bjornsson, Sigurbjorn"]
[Black "Kogan, Artur"]
[Result "1/2-1/2"]
[WhiteElo "2317"]
[BlackElo "2524"]
[PlyCount "126"]
[EventDate "2010.02.24"]

1. e4 c5 2. Nf3 d6 3. d4 Nf6 4. Nc3 cxd4 5. Nxd4 a6 6. Be3 Ng4 7. Bc1 g6 8. f3
Ne5 9. Be3 Nbd7 10. f4 Nc6 11. Nxc6 bxc6 12. Qd4 e5 13. Qc4 Qc7 14. O-O-O Rb8
15. b3 Bg7 16. f5 Nf6 17. Bg5 gxf5 18. exf5 Bxf5 19. Bd3 Be6 20. Qh4 Nd5 21.
Nxd5 cxd5 22. Bf6 Rg8 23. Bxh7 Rc8 24. Kb1 Bxf6 25. Qxf6 Rxg2 26. Rhg1 Rxg1 27.
Rxg1 e4 28. Rg8+ Kd7 29. Rxc8 Qxc8 30. Bf5 Qg8 31. Bxe6+ fxe6 32. Qf2 e5 33. h4
Ke6 34. h5 Qg5 35. Qh2 Qh6 36. b4 d4 37. a4 Qe3 38. h6 d3 39. cxd3 exd3 40. h7
Qe1+ 41. Ka2 Qe2+ 42. Qxe2 dxe2 43. h8=Q e1=Q 44. Qg8+ Ke7 45. Qg7+ Kd8 46.
Qg8+ Kc7 47. Qc4+ Kb8 48. Qg8+ Ka7 49. Qf7+ Kb6 50. a5+ Kb5 51. Qd5+ Kxb4 52.
Qxd6+ Kb5 53. Qb6+ Ka4 54. Qc6+ Kb4 55. Qd6+ Kc3 56. Qc5+ Kd2 57. Qb4+ Kd1 58.
Qb1+ Ke2 59. Qe4+ Kf2 60. Qh4+ Kf1 61. Qh1+ Ke2 62. Qe4+ Kd2 63. Qb4+ Kd1
1/2-1/2

[Event "Reykjavik Open 2010"]
[Site "Reykjavik City Hall"]
[Date "2010.03.01"]
[Round "7.23"]
[White "Andersson, Christin"]
[Black "Ansell, Simon T"]
[Result "0-1"]
[WhiteElo "2135"]
[BlackElo "2381"]
[PlyCount "138"]
[EventDate "2010.02.24"]

1. e4 c6 2. d4 d5 3. exd5 cxd5 4. Nf3 Nf6 5. Bd3 Bg4 6. h3 Bxf3 7. Qxf3 Nc6 8.
c3 e6 9. Bg5 Be7 10. O-O O-O 11. Re1 Rc8 12. Nd2 Re8 13. Nf1 Nd7 14. Bf4 g6 15.
Rad1 a6 16. Ne3 Nf6 17. Bg5 Kg7 18. Qf4 Ng8 19. Bxe7 Rxe7 20. Ng4 Rec7 21. Re3
Qh4 22. Qd6 Nf6 23. Nxf6 Qxf6 24. Rde1 Qg5 25. Rg3 Qd2 26. Re2 Qc1+ 27. Kh2 Re7
28. Rg4 h5 29. Rg3 Rd8 30. Qc5 Qf4 31. Kh1 Qd6 32. Qb6 Rc8 33. Re1 Qf4 34. Rf3
Qh4 35. Qb3 Rec7 36. Qd1 b5 37. Qd2 Rb8 38. Qe2 Rcb7 39. Rg3 Ne7 40. Rf3 Nc6
41. Qc2 Rb6 42. Rg3 Ne7 43. Qe2 b4 44. Rf3 bxc3 45. bxc3 Qg5 46. Rg3 Qf6 47.
Rf3 Qg5 48. Rg3 Qf4 49. Rf3 Qd6 50. Qe3 Nf5 51. Qg5 Rb2 52. a4 a5 53. Bb5 h4
54. Qc1 R2xb5 55. axb5 Rxb5 56. Qa1 Qc7 57. Rb1 Qb6 58. Rc1 Nd6 59. Rd3 Rb2 60.
Rf1 Nc4 61. Qa4 Qb3 62. Qxb3 Rxb3 63. Ra1 a4 64. Kh2 a3 65. g4 Rb2 66. Kg2 a2
67. Kf1 Rb1+ 68. Rd1 Rxd1+ 69. Rxd1 Nd2+ 0-1

[Event "Reykjavik Open 2010"]
[Site "Reykjavik City Hall"]
[Date "2010.03.01"]
[Round "7.24"]
[White "Zaremba, Andrie"]
[Black "Tozer, Philip"]
[Result "0-1"]
[WhiteElo "2360"]
[BlackElo "2119"]
[PlyCount "94"]
[EventDate "2010.02.24"]

1. d4 e6 2. Nf3 f5 3. g3 Nf6 4. Bg2 d5 5. O-O Bd6 6. c4 c6 7. b3 Qe7 8. a4 a5
9. Ba3 Bxa3 10. Nxa3 O-O 11. Nc2 b6 12. Nce1 Bb7 13. Nd3 Na6 14. Nfe5 Rac8 15.
Rc1 c5 16. dxc5 bxc5 17. Qd2 Nb4 18. Nxb4 axb4 19. f4 Ne4 20. Bxe4 fxe4 21. e3
Rcd8 22. Qe2 d4 23. Rcd1 Kh8 24. h4 Ba8 25. Rd2 Rd6 26. Rfd1 Rfd8 27. Kf2 Kg8
28. h5 Qa7 29. g4 dxe3+ 30. Qxe3 Rd4 31. g5 Qb6 32. Kg3 Qd6 33. Rxd4 cxd4 34.
Qe2 Qc7 35. g6 h6 36. Qg4 Rd6 37. Nf7 d3 38. Nxd6 Qxd6 39. c5 Qd5 40. f5 e3 41.
Qf4 e5 42. Qxe3 Qg2+ 43. Kh4 Bf3 44. Qg1 Qg5+ 45. Qxg5 hxg5+ 46. Kg3 Bxd1 47.
c6 Bg4 0-1

[Event "Reykjavik Open 2010"]
[Site "Reykjavik City Hall"]
[Date "2010.03.01"]
[Round "7.25"]
[White "Lagerman, Robert"]
[Black "Scholzen, Wolfgang"]
[Result "1-0"]
[WhiteElo "2347"]
[BlackElo "2040"]
[Annotator ",User"]
[PlyCount "77"]
[EventDate "2010.02.24"]

1. e4 d6 2. d4 Nf6 3. Nc3 g6 4. Nf3 Bg7 5. h3 O-O 6. Be3 Nbd7 7. Bc4 c6 8. e5
Nd5 9. Bxd5 cxd5 10. exd6 e6 11. Qd2 Qb6 12. O-O Qxd6 13. Bh6 b6 14. Bxg7 Kxg7
15. Rfe1 Ba6 16. Ne5 Nxe5 17. Rxe5 Qb4 18. a3 Qd6 19. Rae1 Rac8 20. h4 h6 21.
Nd1 Qd8 22. g3 Rc6 23. c3 Bc8 24. Qd3 a5 25. f3 Rc7 26. Nf2 Ra7 27. Qd2 b5 28.
Nd3 Qc7 29. Kg2 Qd8 30. Nf4 Rh8 31. Nd3 Ra6 32. Qf2 Rb6 33. R5e3 Ba6 34. Nc5
Bc8 35. R3e2 Bd7 36. Qe3 Re8 37. Qe5+ Kh7 38. g4 Bc8 39. Qf4 {...} 1-0

[Event "Reykjavik Open 2010"]
[Site "Reykjavik City Hall"]
[Date "2010.03.01"]
[Round "7.26"]
[White "Johannesson, Ingvar Thor"]
[Black "Vaarala, Eric"]
[Result "1/2-1/2"]
[WhiteElo "2330"]
[BlackElo "2032"]
[PlyCount "116"]
[EventDate "2010.02.24"]

1. Nf3 d5 2. d4 Nf6 3. c4 c6 4. e3 a6 5. Nc3 e6 6. c5 Nbd7 7. b4 Ne4 8. Bb2 f5
9. Bd3 Be7 10. Ne2 O-O 11. O-O Bf6 12. Ne5 a5 13. a3 Qc7 14. f3 Ng5 15. f4 Ne4
16. Ng3 g6 17. Nxe4 fxe4 18. Be2 Bg7 19. Bg4 Nxe5 20. dxe5 Bd7 21. Bd4 Ra7 22.
Qb3 Rfa8 23. Qb2 Qd8 24. g3 Qc7 25. Be2 axb4 26. axb4 Bf8 27. Rxa7 Rxa7 28. h4
Qb8 29. Bd1 Qa8 30. Bb3 Be7 31. Qc2 Qd8 32. Qd1 Ra3 33. Bb2 Ra8 34. h5 b6 35.
hxg6 hxg6 36. Qg4 Kg7 37. f5 exf5 38. e6+ Bf6 39. Rxf5 Bxe6 40. Bxf6+ Qxf6 41.
Rxf6 Bxg4 42. Rxc6 d4 43. Rc7+ Kh6 44. cxb6 dxe3 45. Rc1 Rb8 46. Bd5 Rxb6 47.
Bxe4 Rxb4 48. Bd3 Rd4 49. Ba6 Kh5 50. Re1 Rd1 51. Rxd1 Bxd1 52. Kg2 g5 53. Bb7
e2 54. Kf2 Kg4 55. Bc8+ Kh5 56. Ba6 Kg4 57. Bc8+ Kh5 58. Ba6 Kg4 1/2-1/2

[Event "Reykjavik Open 2010"]
[Site "Reykjavik City Hall"]
[Date "2010.03.01"]
[Round "7.27"]
[White "Carstensen, Jacob"]
[Black "Kleinert, Juergen"]
[Result "1-0"]
[WhiteElo "2317"]
[BlackElo "2004"]
[PlyCount "61"]
[EventDate "2010.02.24"]

1. e4 e5 2. Nf3 d5 3. exd5 Bd6 4. d4 e4 5. Ne5 Nf6 6. Bb5+ Nbd7 7. Bg5 O-O 8.
Bxd7 Bxd7 9. O-O Bf5 10. c4 c5 11. dxc6 bxc6 12. Nc3 Qc7 13. f4 h6 14. Bxf6
gxf6 15. Ng4 Kg7 16. Ne3 Qd7 17. Qe2 Rad8 18. Nxf5+ Qxf5 19. Qxe4 Qh5 20. Rad1
Kh8 21. Qxc6 Rg8 22. c5 Bf8 23. Qf3 Qg6 24. b4 f5 25. d5 Bg7 26. d6 Bxc3 27.
Qxc3+ Kh7 28. Qf3 Qe6 29. Rf2 Rg6 30. Qe2 Qf6 31. Qe5 1-0

[Event "Reykjavik Open 2010"]
[Site "Reykjavik City Hall"]
[Date "2010.03.01"]
[Round "7.29"]
[White "Halldorsson, Gudmundur"]
[Black "Fridthjofsdottir, Sigurl  Regin"]
[Result "1-0"]
[WhiteElo "2197"]
[BlackElo "1809"]
[PlyCount "81"]
[EventDate "2010.02.24"]

1. c4 Nf6 2. g3 e6 3. Bg2 d5 4. Nf3 Be7 5. O-O O-O 6. d4 dxc4 7. Qc2 a6 8. Qxc4
b5 9. Qc2 Bb7 10. Bf4 Nd5 11. Nc3 Nxf4 12. gxf4 c6 13. Rfd1 Qb6 14. Ne4 Nd7 15.
Ne5 Nxe5 16. dxe5 Rad8 17. e3 a5 18. Rac1 b4 19. Nc5 Ba8 20. Be4 g6 21. Bg2
Rfe8 22. Na4 Qa6 23. Qc4 Qa7 24. Bxc6 Rc8 25. Qb5 Rb8 26. Qd3 Bxc6 27. Rxc6
Rec8 28. Rdc1 Rxc6 29. Rxc6 Qb7 30. Qa6 Kg7 31. Qxb7 Rxb7 32. b3 Bd8 33. Rc8
Be7 34. Ra8 Rc7 35. Rxa5 Rc1+ 36. Kg2 Rc2 37. Nc5 h5 38. Ne4 g5 39. Ra7 Bd8 40.
Nd6 Rc7 41. Ne8+ 1-0

[Event "Reykjavik Open 2010"]
[Site "Reykjavik City Hall"]
[Date "2010.03.01"]
[Round "7.31"]
[White "Benediktsson, Frimann"]
[Black "Player, Edmund C"]
[Result "0-1"]
[WhiteElo "1930"]
[BlackElo "2156"]
[PlyCount "66"]
[EventDate "2010.02.24"]

1. d4 d5 2. Nf3 Bg4 3. e3 Nf6 4. Nbd2 e6 5. Be2 c5 6. c4 cxd4 7. Nxd4 Bxe2 8.
Nxe2 dxc4 9. Qa4+ Qd7 10. Qxc4 Nc6 11. O-O Rc8 12. Qa4 Bd6 13. Nf3 O-O 14. Ng3
Rfd8 15. a3 a6 16. b4 Ne5 17. Qxd7 Nxf3+ 18. gxf3 Rxd7 19. Bb2 Nd5 20. Rac1
Rdc7 21. Rxc7 Rxc7 22. Rc1 Rxc1+ 23. Bxc1 f5 24. Ne2 Kf7 25. Bb2 Nb6 26. f4 Nc4
27. Bc1 e5 28. fxe5 Bxe5 29. f4 Bf6 30. Ng3 Ke6 31. e4 fxe4 32. Nxe4 Kd5 33.
Nc5 Bd4+ 0-1

[Event "Reykjavik Open 2010"]
[Site "Reykjavik City Hall"]
[Date "2010.03.01"]
[Round "7.32"]
[White "Johannsson, Orn Leo"]
[Black "Ragnarsson, Johann"]
[Result "1-0"]
[WhiteElo "1710"]
[BlackElo "2140"]
[PlyCount "123"]
[EventDate "2010.02.24"]

1. d4 d5 2. Bf4 Nf6 3. e3 c5 4. c3 Nc6 5. Nf3 Bg4 6. Be2 e6 7. Nbd2 c4 8. Ne5
Nxe5 9. Bxe5 Bxe2 10. Qxe2 Nd7 11. Bg3 b5 12. O-O Be7 13. e4 O-O 14. f4 b4 15.
f5 bxc3 16. bxc3 Ba3 17. Rab1 Re8 18. fxe6 fxe6 19. exd5 exd5 20. Qf3 Nb6 21.
Qf7+ Kh8 22. Be5 Bf8 23. Nf3 Re7 24. Qh5 Qe8 25. Qh4 Kg8 26. Nd2 Nd7 27. Nf3
Nxe5 28. Nxe5 g6 29. Qf4 Bg7 30. Rbe1 Qa4 31. Nxg6 Rb7 32. Ne7+ Kh8 33. Qf7 Qd7
34. Qxd5 Qxd5 35. Nxd5 a5 36. Rb1 Rab8 37. Rxb7 Rxb7 38. Ne3 Rb2 39. Nxc4 Rxa2
40. Rb1 Kg8 41. Nd6 a4 42. Rb8+ Bf8 43. d5 Rd2 44. Ne4 Re2 45. d6 Kg7 46. d7
Be7 47. Nd6 Kf6 48. d8=Q Bxd8 49. Rxd8 a3 50. Rf8+ Kg7 51. Ra8 a2 52. c4 Rb2
53. c5 Rb1+ 54. Kf2 a1=Q 55. Rxa1 Rxa1 56. c6 Ra2+ 57. Ke3 Rxg2 58. c7 Rc2 59.
c8=Q Rxc8 60. Nxc8 Kg6 61. Kf4 Kh5 62. Kg3 1-0

[Event "Reykjavik Open 2010"]
[Site "Reykjavik City Hall"]
[Date "2010.03.01"]
[Round "7.33"]
[White "Thorfinnsson, Bjorn"]
[Black "Ingvason, Johann"]
[Result "1-0"]
[WhiteElo "2383"]
[BlackElo "2132"]
[PlyCount "85"]
[EventDate "2010.02.24"]

1. d4 d5 2. c4 c6 3. Nf3 Nf6 4. Nc3 e6 5. Bg5 Be7 6. e3 Nbd7 7. Bd3 dxc4 8.
Bxc4 b5 9. Bd3 b4 10. Na4 Nd5 11. Bxe7 Qxe7 12. Rc1 O-O 13. O-O e5 14. Qc2 Rb8
15. Bxh7+ Kh8 16. Bf5 b3 17. axb3 Nb4 18. Qe4 Ba6 19. Bxd7 Bxf1 20. Nxe5 Kg8
21. Kxf1 f6 22. Qf5 fxe5 23. Be6+ Rf7 24. Nc5 Nd5 25. Qxf7+ Qxf7 26. Bxf7+ Kxf7
27. Nd7 Rxb3 28. Nxe5+ Kg8 29. e4 Nb4 30. Nxc6 Rxb2 31. Nxb4 Rxb4 32. Rc8+ Kh7
33. Rd8 a5 34. e5 Kg6 35. Ra8 Kf5 36. g4+ Ke6 37. Ra6+ Kf7 38. d5 Rxg4 39. Ra7+
Kg6 40. Rxa5 Re4 41. d6 Rd4 42. Ra7 Kf5 43. Re7 1-0

[Event "Reykjavik Open 2010"]
[Site "Reykjavik City Hall"]
[Date "2010.03.01"]
[Round "7.34"]
[White "Bergsson, Stefan"]
[Black "Einarsson, Halldor"]
[Result "1/2-1/2"]
[WhiteElo "2079"]
[BlackElo "2260"]
[PlyCount "223"]
[EventDate "2010.02.24"]

1. e4 c5 2. Nf3 Nc6 3. d4 cxd4 4. Nxd4 Nf6 5. Nc3 e5 6. Ndb5 d6 7. Nd5 Nxd5 8.
exd5 Nb8 9. c4 Be7 10. Be2 a6 11. Nc3 O-O 12. O-O f5 13. f4 Nd7 14. Be3 Bf6 15.
Qd2 exf4 16. Bxf4 Ne5 17. c5 dxc5 18. d6 Kh8 19. Nd5 Qxd6 20. Rad1 Be6 21. Nxf6
Qxd2 22. Rxd2 gxf6 23. Rd6 Rae8 24. Bh5 Re7 25. Bh6 Rc8 26. Re1 Bxa2 27. Bd2
Kg7 28. Bc3 Rc6 29. Rd8 b5 30. b4 c4 31. Re3 f4 32. Re4 Bb1 33. Rxf4 Bg6 34.
Bf3 Rce6 35. Bd5 Nd3 36. Rf1 Re8 37. Rd7+ Kh6 38. Bd2+ Re3 39. Rf3 c3 40. Bxe3+
Rxe3 41. Rxe3 c2 42. Rc7 c1=Q+ 43. Rxc1 Nxc1 44. Bb7 Nd3 45. Bxa6 Nxb4 46. Bxb5
Nd5 47. Rf3 f5 48. Bd3 Kg5 49. Kf2 Nf6 50. Ba6 h5 51. Bc8 f4 52. Ra3 Ng4+ 53.
Bxg4 hxg4 54. Ra6 Be4 55. Ra5+ Kg6 56. Re5 Bb7 57. Re7 Bd5 58. Rd7 Be4 59. Rd4
Kf5 60. g3 f3 61. Ke3 Bb7 62. Rf4+ Kg5 63. Kd4 Ba6 64. Ke5 Be2 65. Rf8 Kg6 66.
Kd4 Kg5 67. Ke3 Kg6 68. Rb8 Kf5 69. Rb4 Kg5 70. Rb2 Kf5 71. Ra2 Ke5 72. Ra5+
Kf6 73. Ra1 Ke5 74. Rh1 Kf5 75. Kf2 Ba6 76. h4 gxh3 77. Rxh3 Be2 78. Rh4 Kg5
79. Ke3 Kf5 80. Ra4 Kg5 81. Ra5+ Kg6 82. Rc5 Kf6 83. Rh5 Kg6 84. g4 Kf6 85. Kf2
Kg6 86. Rf5 Kh6 87. Kg3 Kg6 88. Kh4 Bd1 89. Kg3 Be2 90. Rf8 Kg7 91. Rf4 Kg6 92.
Re4 Kf6 93. Rb4 Kg6 94. Rb6+ Kg7 95. Rb1 Kg6 96. Rg1 Kg5 97. Kf2 Kg6 98. g5 Kg7
99. Ke3 Kg6 100. Rg3 Bd1 101. Kf2 Be2 102. Ke1 Kg7 103. Kf2 Kg6 104. Rg1 Kg7
105. Rc1 Kg6 106. Rc5 Kh5 107. Ra5 Kg6 108. Rc5 Kh5 109. Kg3 Kg6 110. Re5 Kh5
111. Ra5 Kg6 112. Rc5 1/2-1/2

[Event "Reykjavik Open 2010"]
[Site "Reykjavik City Hall"]
[Date "2010.03.01"]
[Round "7.35"]
[White "Olafsson, Thorvardur"]
[Black "Bjarnason, Saevar"]
[Result "1-0"]
[WhiteElo "2217"]
[BlackElo "2164"]
[PlyCount "45"]
[EventDate "2010.02.24"]

1. e4 c6 2. d4 d5 3. Nc3 dxe4 4. Nxe4 Nd7 5. Bc4 Ngf6 6. Ng5 e6 7. Qe2 Nb6 8.
Bb3 h6 9. N5f3 a5 10. a3 Be7 11. Bf4 a4 12. Ba2 Nbd5 13. Bd2 b5 14. Ne5 Qb6 15.
Ngf3 Nd7 16. O-O O-O 17. Nxd7 Bxd7 18. Ne5 Rad8 19. Bxd5 cxd5 20. Qg4 f5 21.
Nxd7 Rxd7 22. Qg6 Rf6 23. Qe8+ 1-0

[Event "Reykjavik Open 2010"]
[Site "Reykjavik City Hall"]
[Date "2010.03.01"]
[Round "7.36"]
[White "Guttulsrud, Odd Martin"]
[Black "Steil-Antoni, Fiona"]
[Result "1/2-1/2"]
[WhiteElo "2061"]
[BlackElo "2198"]
[PlyCount "111"]
[EventDate "2010.02.24"]

1. e4 e5 2. Nf3 Nc6 3. Bb5 f5 4. d3 fxe4 5. dxe4 Nf6 6. O-O Bc5 7. Qd3 d6 8.
Qc4 Qe7 9. Nc3 a6 10. Bxc6+ bxc6 11. Be3 Nd7 12. Bxc5 Nxc5 13. Na4 Be6 14. Qc3
Nxa4 15. Qxc6+ Kf7 16. Qxa4 Rhf8 17. Nd2 Kg8 18. Nc4 Qh4 19. Qc6 Rac8 20. f3
Rf6 21. Rf2 Rcf8 22. Raf1 Rh6 23. g3 Qh5 24. Nd2 Qf7 25. Qxa6 Bh3 26. Re1 Rg6
27. Qc4 Be6 28. Qd3 h5 29. Qe2 Rf6 30. a4 g5 31. a5 Kg7 32. Ra1 Kg6 33. a6 c6
34. b4 Qa7 35. Kg2 g4 36. Raf1 Kg7 37. f4 exf4 38. Rxf4 Rxf4 39. gxf4 Bc8 40.
b5 cxb5 41. Qxb5 Rf6 42. Rf2 Bxa6 43. Qxh5 Rh6 44. Qg5+ Kh7 45. Nf1 Qd4 46.
Qf5+ Kg7 47. Kg1 Bxf1 48. Kxf1 Qd1+ 49. Kg2 g3 50. Qd7+ Kf8 51. Qf5+ Kg7 52.
Qg5+ Kh7 53. Qe7+ Kg8 54. Qg5+ Kh7 55. Qf5+ Kg7 56. Qg5+ 1/2-1/2